<?xml version="1.0" encoding="UTF-8"?><?xml-stylesheet type="text/xsl" href="static/style.xsl"?><OAI-PMH xmlns="http://www.openarchives.org/OAI/2.0/" xmlns:xsi="http://www.w3.org/2001/XMLSchema-instance" xsi:schemaLocation="http://www.openarchives.org/OAI/2.0/ http://www.openarchives.org/OAI/2.0/OAI-PMH.xsd"><responseDate>2026-06-01T01:58:59Z</responseDate><request verb="GetRecord" identifier="oai:riuma.uma.es:10630/29194" metadataPrefix="marc">https://riuma.uma.es/rest/oai/request</request><GetRecord><record><header><identifier>oai:riuma.uma.es:10630/29194</identifier><datestamp>2026-02-03T11:29:59Z</datestamp><setSpec>com_10630_2254</setSpec><setSpec>col_10630_37953</setSpec></header><metadata><record xmlns="http://www.loc.gov/MARC21/slim" xmlns:dcterms="http://purl.org/dc/terms/" xmlns:doc="http://www.lyncode.com/xoai" xmlns:xsi="http://www.w3.org/2001/XMLSchema-instance" xsi:schemaLocation="http://www.loc.gov/MARC21/slim http://www.loc.gov/standards/marcxml/schema/MARC21slim.xsd">
   <leader>00925njm 22002777a 4500</leader>
   <datafield ind2=" " ind1=" " tag="042">
      <subfield code="a">dc</subfield>
   </datafield>
   <datafield ind2=" " ind1=" " tag="720">
      <subfield code="a">Rascón-Gómez, María Teresa</subfield>
      <subfield code="e">author</subfield>
   </datafield>
   <datafield ind2=" " ind1=" " tag="720">
      <subfield code="a">Cabello-Fernández-Delgado, Florencio</subfield>
      <subfield code="e">author</subfield>
   </datafield>
   <datafield ind2=" " ind1=" " tag="720">
      <subfield code="a">Alvarado-Jódar, Alejandro Ignacio</subfield>
      <subfield code="e">author</subfield>
   </datafield>
   <datafield ind2=" " ind1=" " tag="260">
      <subfield code="c">2019</subfield>
   </datafield>
   <datafield ind2=" " ind1=" " tag="520">
      <subfield code="a">El Proyecto de Innovación Educativa “Miradas multimedia sobre resiliencia y educación”, desarrollado en el curso académico 2015/2016 en la Universidad de Málaga (España)1, surge en el contexto de la crisis económica que padece nuestro país desde 2008 y que se ceba especialmente con la infancia, alcanzando unas cotas insostenibles de riesgo de pobreza y exclusión social en esta población. Esta iniciativa educomunicativa, de inequívoco acento dialéctico, dialógico y democratizador, pone en relación a docentes del ámbito de la educación, comunicación y psicología, a alumnos de los grados de Educación social, Publicidad y Relaciones Públicas y Comunicación audiovisual y a entidades sociales con el fin de elaborar una serie de videos multimedia (spot, corporativo y web) y un cortometraje documental, para dar a conocer y reflexionar sobre los procesos de exclusión social y resiliencia de la infancia malagueña.</subfield>
   </datafield>
   <datafield ind1="8" ind2=" " tag="024">
      <subfield code="a">RASCÓN, M.T., CABELLO, F. Y ALVARADO, A. (2019). Miradas multimedia sobre resiliencia y educación: innovación educomunicativa para la resiliencia de la infancia en riesgo social. Revista Iberoamericana de Educación Superior, 10 (28), 157-169.</subfield>
   </datafield>
   <datafield ind1="8" ind2=" " tag="024">
      <subfield code="a">https://hdl.handle.net/10630/29194</subfield>
   </datafield>
   <datafield ind1="8" ind2=" " tag="024">
      <subfield code="a">10.22201/iisue.20072872e.2019.28.434</subfield>
   </datafield>
   <datafield tag="653" ind2=" " ind1=" ">
      <subfield code="a">Enseñanza - Innovaciones</subfield>
   </datafield>
   <datafield tag="653" ind2=" " ind1=" ">
      <subfield code="a">Exclusión social - Málaga</subfield>
   </datafield>
   <datafield ind2="0" ind1="0" tag="245">
      <subfield code="a">Miradas multimedia sobre resiliencia y educación: innovación educomunicativa para la resiliencia de la infancia en riesgo social.</subfield>
   </datafield>
</record>
</metadata></record></GetRecord></OAI-PMH>